01462nam a2200397Ia 4500001001200000003000800012006001900020007001500039008004100054020001500095020002200110020001800132020002600150040002100176035002000197050002400217082001200241245008100253246003100334260006500365300002000430490003000450504005100480533015200531650002500683650002100708650002600729650003000755650002300785655002900808700002400837710001700861830004300878856012600921999001701047ebr10682715CaPaEBRm u cr cn|||||||||990712s1999 enka sb 001 0 eng d z076196522X z0761965238 (pbk.) z9780761965220 z9781848609174 (ebook) aCaPaEBRcCaPaEBR a(OCoLC)4701165714aHM1033b.P47 1999eb04a30622300aPerformativity and belongingh[electronic resource] /cedited by Vikki Bell.3 aPerformativity & belonging aLondon ;aThousand Oaks, Calif. :bSage Publications,c1999. a250 p. :bill. 1 aTheory, culture & society aIncludes bibliographical references and index. aElectronic reproduction.bPalo Alto, Calif. :cebrary,d2013.nAvailable via World Wide Web.nAccess may be limited to ebrary affiliated libraries. 0aFeminist psychology. 0aFeminist theory. 0aIdentity (Psychology) 0aPerformative (Philosophy) 0aSocial psychology. 7aElectronic books.2local1 aBell, Vikki,d1967-2 aebrary, Inc. 0aTheory, culture & society (Unnumbered)40uhttp://site.ebrary.com/lib/rucke/Doc?id=10682715zAn electronic book accessible through the World Wide Web; click to view c32220d32220